000 00795nam a2200205Ii 4500
003 JO-AjNU
008 230605s9999||||xx |||||||||||||| ||und||
040 _aJO-AjNU
_bara
_erda
_cJO-AjNU
041 _aara
050 1 4 _aK5066.S2482.2004
100 3 _a صالح ، نبية ,
_eauthor
_925156
245 0 0 _aالنظرية العامة للقصد الجنائي مقارنا بكل من القصد الاحتمالي والقصد المتعدي والقصد الخاص
250 _aط1
264 3 1 _aعمان : مكتبة دار الثقافة ، 2004
300 _a447ص
336 _atext
_btxt
_2rdacontent
337 _aunmediated
_bn
_2rdamedia
338 _avolume
_bnc
_2rdacarrier
650 4 _aالقصد الجنائي -- الاردن -- المسئولية الجنائية
_925157
999 _aA9372
_c12940
_d12940